Die Reaktionsfahigkert der Halogene in den Halogenderivafen des Cyclogezans; Berichte der Deutschen chemischen Jesellschaft; V. 63

Podrobná bibliografie
Parent link:Berichte der Deutschen chemischen Jesellschaft
V. 63.— 1930.— S. 3060-3067
Hlavní autor: Тронов Б. В.
Další autoři: Ладыгина Л. В.
Jazyk:němčina
Vydáno: 1930
Témata:
Médium: MixedMaterials Kapitola
KOHA link:https://koha.lib.tpu.ru/cgi-bin/koha/opac-detail.pl?biblionumber=591517

MARC

LEADER 00000naa0a2200000 4500
001 591517
005 20250103173528.0
035 |a (RuTPU)RU\TPU\tpu\1855 
035 |a TPU00001855 
090 |a 591517 
100 |a 20011210d1930 k||y0rusy50 ba 
101 0 |a ger 
102 |a RU 
200 1 |a Die Reaktionsfahigkert der Halogene in den Halogenderivafen des Cyclogezans  |f Б. В. Тронов, Л. В. Ладыгина 
461 |t Berichte der Deutschen chemischen Jesellschaft 
463 |t V. 63  |v S. 3060-3067  |d 1930 
610 1 |a химические науки 
610 1 |a труды учёных ТПУ 
700 1 |a Тронов  |b Б. В. 
701 1 |a Ладыгина  |b Л. В. 
801 0 |a RU  |b 63413507  |c 20011210  |g PSBO 
801 2 |a RU  |b 63413507  |c 20060309  |g PSBO 
942 |c CR